书目信息 |
| 题名: |
膝踝痛推拿治疗图解
|
|
| 作者: | 王金贵 | |
| 分册: | ||
| 出版信息: | 天津 天津科技翻译出版社 2004 |
|
| 页数: | 246 | |
| 开本: | 20cm | |
| 丛书名: | 图解家庭按摩丛书 | |
| 单 册: | ||
| 中图分类: | R274 | |
| 科图分类: | ||
| 主题词: | 中医伤科学 | |
| 电子资源: | ||
| ISBN: | 7-5433-1216-6 | |
| 000 | 00589nam0 2200205 450 | |
| 001 | 0736480453 | |
| 005 | 20070817100800.46 | |
| 010 | @a7-5433-1216-6@d¥12.00 | |
| 100 | @a20070817d km y0chiy0120 ea | |
| 101 | 0 | @achi |
| 200 | 1 | @a膝踝痛推拿治疗图解@Axi huai tong tui na zhi liao tu jie@f王金贵@Fwang jin gui |
| 210 | @a天津@c天津科技翻译出版社@d2004 | |
| 215 | @a246@d20cm | |
| 225 | 2 | @a图解家庭按摩丛书 |
| 410 | 0 | @12001 @a图解家庭按摩丛书 |
| 606 | 0 | @a中医伤科学 |
| 690 | @aR274@v3 | |
| 701 | 0 | @a王金贵@Awang jin gui |
| 801 | 0 | @aCN@bPFT@c20070817 |
| 905 | @a213230@dR274@et4@f1 | |
| 膝踝痛推拿治疗图解/王金贵.-天津:天津科技翻译出版社,2004 |
| 246;20cm.-(图解家庭按摩丛书) |
| ISBN 7-5433-1216-6:¥12.00 |
| ● |
| 相关链接 |
|
|
|
|
正题名:膝踝痛推拿治疗图解
索取号:R274/t4
 
预约/预借
| 序号 | 登录号 | 条形码 | 馆藏地/架位号 | 状态 | 备注 |
| 1 | 6901270 | 269012702 | 体育系资料室/ [索取号:R274/t4] | 在馆 |